[Event "3rd Riga Tech Uni Op"]
[Site "Riga LAT"]
[Date "2013.08.07"]
[Round "4.11"]
[White "Ulibin, Mikhail"]
[Black "Paravyan, David"]
[Result "1/2-1/2"]
[WhiteTitle "GM"]
[WhiteElo "2553"]
[BlackElo "2426"]
[WhiteFideId "4101405"]
[BlackFideId "4194985"]
[EventDate "2013.08.05"]

1. d4 Nf6 2. c4 g6 3. Nc3 d5 4. cxd5 Nxd5 5. Bd2 Bg7 6. e4 Nb6 7. Be3 O-O 8. h3
e5 9. Nf3 exd4 10. Bxd4 Nc6 11. Bxg7 Qxd1+ 12. Rxd1 Kxg7 13. Bb5 Nb4 14. a3 a6
15. axb4 axb5 16. b3 c6 17. Kd2 Nd7 18. Ra1 Ra6 19. Nd4 Nb8 20. Nce2 Rxa1 21.
Rxa1 Na6 22. Kc3 Re8 23. f3 f5 24. exf5 Bxf5 25. Nf4 Kf6 26. g4 Bd7 27. h4 Ke5
28. Nde2 Kd6 29. Rd1+ Kc7 30. Nd4 b6 31. g5 Re3+ 32. Kd2 Re5 33. Nd3 Rd5 34. Ke3
c5 35. bxc5 bxc5 36. Rc1 Kb6 37. Ne2 Bf5 38. Nef4 Rd4 39. Rc3 Rd8 40. Rc1 Rd4
41. Rc3 b4 42. Rc1 Bxd3 43. Nxd3 Rxh4 44. Ne5 Rh5 45. Kf4 Rh4+ 46. Kg3 Rd4 47.
Rh1 Rd5 48. f4 c4 49. bxc4 Rd2 50. Rxh7 b3 51. f5 Rd1 52. Rh2 gxf5 53. g6 Rg1+
54. Kf4 Nc5 55. Kxf5 Na4 56. Ng4 Rf1+ 57. Kg5 Rf8 58. Ne3 b2 59. Rh1 Kc5 60. Rb1
Kd4 61. Nd1 Rf1 62. Nc3 Rxb1 63. Nxb1 Nc3 64. Na3 Kc5 65. g7 Kb4 66. Nb1 Nxb1
67. g8=Q Nc3 68. Qb8+ Ka3 69. c5 b1=Q 70. Qxb1 Nxb1 71. c6 Nc3 72. c7 Ne4+ 73.
Kf5 Nd6+ 74. Ke6 Nc8 75. Ke5 1/2-1/2

[Event "3rd Riga Tech Uni Op"]
[Site "Riga LAT"]
[Date "2013.08.07"]
[Round "4.12"]
[White "Dastan, Muhammed Batuhan"]
[Black "Rausis, Igors"]
[Result "0-1"]
[WhiteTitle "IM"]
[BlackTitle "GM"]
[WhiteElo "2417"]
[BlackElo "2552"]
[WhiteFideId "6300014"]
[BlackFideId "11600098"]
[EventDate "2013.08.05"]

1. e4 d6 2. d4 Nf6 3. Nc3 g6 4. Bg5 h6 5. Bh4 c6 6. f4 Bg7 7. Qd2 O-O 8. Bd3 Na6
9. Nf3 Bg4 10. e5 dxe5 11. Nxe5 Qc8 12. h3 Be6 13. O-O Nb4 14. f5 gxf5 15. Ne2
Nxd3 16. Nxd3 Ne4 17. Qb4 a5 18. Qa3 Re8 19. Bxe7 Nd2 20. Bc5 b6 21. Bxb6 Nc4
22. Qc3 Nxb6 23. Ne5 c5 24. Qg3 Nd5 25. c3 cxd4 26. Nxd4 f4 27. Qh4 Bxe5 28.
Qxh6 Bg7 29. Qg5 Qd8 30. Qh5 Qf6 31. Rae1 Qh6 32. Qf3 Bxd4+ 33. cxd4 Ne3 34.
Qxf4 Qxf4 35. Rxf4 Bd5 36. g4 Nc2 37. Rxe8+ Rxe8 38. Rf5 Rd8 0-1

[Event "3rd Riga Tech Uni Op"]
[Site "Riga LAT"]
[Date "2013.08.07"]
[Round "4.13"]
[White "Beinoras, Mindaugas"]
[Black "Dragun, Kamil"]
[Result "1-0"]
[WhiteTitle "IM"]
[BlackTitle "GM"]
[WhiteElo "2378"]
[BlackElo "2546"]
[WhiteFideId "12802085"]
[BlackFideId "1134167"]
[EventDate "2013.08.05"]

1. d4 Nf6 2. c4 e6 3. Nf3 b6 4. a3 Ba6 5. Qc2 Bb7 6. Nc3 c5 7. e4 cxd4 8. Nxd4
Bc5 9. Nb3 Nc6 10. Bf4 e5 11. Bg5 h6 12. Bh4 g5 13. Bg3 Qe7 14. Be2 a5 15. Nb5
O-O 16. Qd3 d6 17. O-O Rad8 18. Rfe1 a4 19. Nd2 Nd4 20. Nc3 Bc6 21. Bd1 Ra8 22.
Nf1 Qb7 23. h4 Kg7 24. Nd5 Nxd5 25. exd5 Be8 26. Rxe5 dxe5 27. Bxe5+ f6 28. Bxd4
Bg6 29. Qd2 Qe7 30. Bc3 gxh4 31. Nh2 h5 32. Nf3 h3 33. Ng5 Rg8 34. Nxh3 Bd6 35.
Bf3 Rae8 36. Nf4 Qf7 37. Ne6+ Kh7 38. Qe3 Bf5 39. Qxb6 Be5 40. Bxe5 fxe5 41. Qe3
Qg6 42. Qxe5 Bxe6 43. dxe6 Rxe6 44. Qxh5+ Qxh5 45. Bxh5 Rb6 46. Rc1 Rxb2 47. c5
Rc8 48. Bd1 Rf8 49. c6 Rfxf2 50. Bf3 1-0

[Event "3rd Riga Tech Uni Op"]
[Site "Riga LAT"]
[Date "2013.08.07"]
[Round "4.14"]
[White "Vysochin, Spartak"]
[Black "Ponizil, Cyril"]
[Result "1/2-1/2"]
[WhiteTitle "GM"]
[BlackTitle "IM"]
[WhiteElo "2531"]
[BlackElo "2421"]
[WhiteFideId "14103516"]
[BlackFideId "322202"]
[EventDate "2013.08.05"]

1. e4 c5 2. Nf3 d6 3. d4 cxd4 4. Qxd4 Bd7 5. c4 Nf6 6. h3 e6 7. Be2 Bc6 8. Nc3
Nbd7 9. O-O Be7 10. Rd1 O-O 11. b3 Nc5 12. e5 Nfe4 13. Nxe4 Nxe4 14. exd6 Qxd6
15. Bb2 Qxd4 16. Nxd4 Bf6 17. Bf3 Ng5 18. Bxc6 bxc6 19. Ba3 Rfc8 20. Rac1 e5 21.
Nf5 Rc7 22. Rc3 g6 23. Nh6+ Kg7 24. Ng4 Be7 25. Bxe7 Rxe7 26. Re3 f6 27. Rd6 Ne6
28. Rxc6 h5 29. Nh2 Rd8 30. Nf3 Nf4 31. h4 e4 32. c5 Rd1+ 33. Re1 Rdd7 34. Nh2
Rd2 35. Rd6 Rxa2 36. c6 Kf7 37. Rd7 f5 38. Nf3 Nd3 39. Rd1 Rc2 40. Ng5+ Ke8 41.
Rd6 Rc7 42. Re6+ Kf8 43. f3 R7xc6 44. Rxc6 Rxc6 45. fxe4 fxe4 46. Nxe4 Rc1 47.
Rxc1 Nxc1 48. Nd2 Ke7 49. Kf2 Nd3+ 50. Ke3 Ne5 51. Kf4 Nd7 52. Ne4 Nf6 53. Nc3
Ke6 54. Nb5 a5 55. Na3 Nd5+ 56. Kg5 Ne3 57. Kxg6 Nxg2 58. Kxh5 Kd5 59. Kg5 Nxh4
60. Kxh4 Ke5 1/2-1/2

[Event "3rd Riga Tech Uni Op"]
[Site "Riga LAT"]
[Date "2013.08.08"]
[Round "5.2"]
[White "Baburin, Alexander"]
[Black "Van Kampen, Robin"]
[Result "1/2-1/2"]
[WhiteTitle "GM"]
[BlackTitle "GM"]
[WhiteElo "2520"]
[BlackElo "2606"]
[WhiteFideId "2500914"]
[BlackFideId "1020854"]
[EventDate "2013.08.05"]

1. d4 Nf6 2. c4 g6 3. Nf3 Bg7 4. g3 O-O 5. Bg2 c5 6. O-O cxd4 7. Nxd4 Nc6 8. Nc3
Qa5 9. Nb3 Qh5 10. c5 d6 11. cxd6 Rd8 12. e4 Bg4 13. f3 Be6 14. Qe2 1/2-1/2

[Event "3rd Riga Tech Uni Op"]
[Site "Riga LAT"]
[Date "2013.08.08"]
[Round "5.4"]
[White "Ziska, Helgi Dam"]
[Black "Vovk, Andrey"]
[Result "1/2-1/2"]
[WhiteTitle "IM"]
[BlackTitle "GM"]
[WhiteElo "2468"]
[BlackElo "2581"]
[WhiteFideId "7200595"]
[BlackFideId "14114470"]
[EventDate "2013.08.05"]

1. Nf3 Nf6 2. g3 g6 3. Bg2 Bg7 4. O-O O-O 5. d3 d6 6. e4 c5 7. Nc3 Nc6 8. h3 Nd4
9. Nxd4 cxd4 10. Ne2 Qb6 11. c3 1/2-1/2

[Event "3rd Riga Tech Uni Op"]
[Site "Riga LAT"]
[Date "2013.08.08"]
[Round "5.5"]
[White "Kovalenko, Igor"]
[Black "Sipila, Vilka"]
[Result "1-0"]
[WhiteTitle "GM"]
[BlackTitle "IM"]
[WhiteElo "2646"]
[BlackElo "2474"]
[WhiteFideId "14117908"]
[BlackFideId "505455"]
[EventDate "2013.08.05"]

1. d4 d5 2. c4 e6 3. Nc3 Be7 4. Bf4 Nf6 5. e3 O-O 6. a3 Nbd7 7. Nb5 Ne8 8. Nf3
c6 9. Nc3 Bd6 10. g3 dxc4 11. Bxc4 b5 12. Be2 Bb7 13. O-O a6 14. b4 a5 15. Qb3
Bxf4 16. exf4 Nd6 17. Rfd1 Qb6 18. Rab1 Rfd8 19. Bd3 Qa7 20. Qc2 g6 21. Ne5 axb4
22. axb4 Nf5 23. Bxf5 Nxe5 24. fxe5 exf5 25. d5 Re8 26. e6 fxe6 27. d6 Rad8 28.
Ne2 e5 29. Rd2 Ba8 30. Qc5 Rd7 31. Qxa7 Rxa7 32. Nc1 Bb7 33. Nd3 Bc8 34. Nc5 Bd7
35. Rbb2 Kf7 36. Ra2 Rxa2 37. Rxa2 Be6 38. Ra7+ Kf6 39. Rxh7 Ra8 40. Re7 Ra1+
41. Kg2 Bd5+ 42. f3 Ra2+ 43. Kg1 Ra1+ 44. Kf2 Ra2+ 45. Ke1 Bxf3 46. Nd7+ Kg5 47.
Nxe5 Bh5 48. h4+ Kh6 49. d7 Ra1+ 50. Kf2 Rd1 51. d8=Q Rd7 52. Qh8# 1-0

[Event "3rd Riga Tech Uni Op"]
[Site "Riga LAT"]
[Date "2013.08.08"]
[Round "5.7"]
[White "Kulaots, Kaido"]
[Black "Agopov, Mikael"]
[Result "1/2-1/2"]
[WhiteTitle "GM"]
[BlackTitle "IM"]
[WhiteElo "2581"]
[BlackElo "2439"]
[WhiteFideId "4500261"]
[BlackFideId "501840"]
[EventDate "2013.08.05"]

1. Nf3 c5 2. b3 d6 3. e3 Nf6 4. Bb2 g6 5. Bxf6 exf6 6. c4 Bg7 7. Nc3 O-O 8. g3
b6 9. Bg2 Bb7 10. O-O f5 11. Rc1 Nd7 12. Ne1 Rb8 13. d4 Nf6 14. Bxb7 Rxb7 15.
Qf3 Rd7 16. Nd3 cxd4 17. exd4 Ne4 18. Nxe4 fxe4 19. Qxe4 d5 20. cxd5 Rxd5 21.
Rc4 Re8 22. Qf3 Bxd4 23. Nf4 Rd6 24. Kg2 Re5 25. Rd1 Rc5 26. Rxc5 1/2-1/2

[Event "3rd Riga Tech Uni Op"]
[Site "Riga LAT"]
[Date "2013.08.08"]
[Round "5.8"]
[White "Gleizerov, Evgeny"]
[Black "Socko, Monika"]
[Result "1/2-1/2"]
[WhiteTitle "GM"]
[BlackTitle "GM"]
[WhiteElo "2567"]
[BlackElo "2431"]
[WhiteFideId "4101332"]
[BlackFideId "1106619"]
[EventDate "2013.08.05"]

1. d4 Nf6 2. c4 g6 3. Nc3 Bg7 4. e4 d6 5. Nf3 O-O 6. Be2 Bg4 7. Be3 Nfd7 8. Ng1
Bxe2 9. Ngxe2 c5 10. O-O Na6 11. b3 Qa5 12. Rc1 Nc7 13. Qd2 Rfe8 14. Rfd1 Rac8
15. f3 a6 16. dxc5 Nxc5 17. Nd5 Qxd2 18. Rxd2 N7e6 19. b4 Na4 20. f4 Nc7 21.
Rdc2 Bb2 22. Rb1 Nxd5 23. exd5 e6 24. Rbxb2 Nxb2 25. Rxb2 exd5 26. Kf2 Rxc4 27.
a3 d4 28. Bd2 f5 29. Rb3 Kf7 30. Rd3 Re4 31. Ng3 Ke6 32. Nxe4 fxe4 33. Rh3 Rc2
34. Ke1 e3 35. Bxe3 dxe3 36. Rxe3+ Kf5 37. Re7 b5 38. Rxh7 Rxg2 39. Ra7 Rxh2 1/2-1/2

[Event "3rd Riga Tech Uni Op"]
[Site "Riga LAT"]
[Date "2013.08.08"]
[Round "5.9"]
[White "Burmakin, Vladimir"]
[Black "Baghdasaryan, Vahe"]
[Result "1/2-1/2"]
[WhiteTitle "GM"]
[BlackTitle "IM"]
[WhiteElo "2565"]
[BlackElo "2414"]
[WhiteFideId "4105109"]
[BlackFideId "13303139"]
[EventDate "2013.08.05"]

1. d4 d5 2. c4 c6 3. Nf3 Nf6 4. e3 Bf5 5. Nbd2 e6 6. Nh4 Be4 7. Qb3 Qc7 8. f3
Bg6 9. Nxg6 hxg6 10. f4 c5 11. cxd5 exd5 12. Bb5+ Nc6 13. Nf3 c4 14. Qa4 Bd6 15.
b3 cxb3 16. axb3 O-O 17. O-O Ne4 18. Bxc6 Qxc6 19. Qxc6 bxc6 20. Ba3 Rfb8 21.
Bxd6 Nxd6 22. Nd2 Ne4 23. Nxe4 dxe4 24. Ra3 Rb6 25. Rc1 Rab8 26. Rc3 a6 27. Kf2
f6 28. Ke2 Kf7 29. Kd2 Rh8 30. h3 Rh5 31. Rc5 Rxc5 32. dxc5 Rb5 33. b4 Rxb4 34.
Rxa6 Rb2+ 35. Kc3 Rxg2 36. Rxc6 f5 37. h4 Re2 38. Kd4 Rd2+ 39. Ke5 Rd3 40. Rc7+
Kg8 41. c6 Rxe3 42. Rd7 Rc3 43. c7 Kh7 44. Kd6 e3 45. Re7 Rd3+ 46. Kc6 Rc3+ 47.
Kd7 Rd3+ 48. Ke8 Rc3 49. Kd8 Rd3+ 50. Ke8 Rc3 51. Kd7 Rd3+ 52. Kc6 Rc3+ 53. Kb6
Kh6 54. Rxe3 Rxe3 55. c8=Q Kh7 56. Qd8 Rg3 57. Qe8 Rh3 58. Qe1 Rf3 59. Qd2 Rh3
60. Qf2 Rc3 61. Qg2 Rc8 62. Qg5 Rf8 63. Kc7 Rf6 64. h5 gxh5 65. Qxh5+ Kg8 66.
Kd7 Rf7+ 67. Ke8 Rf8+ 68. Kd7 Rf7+ 69. Ke6 Rf8 70. Qd1 Rf6+ 71. Ke5 Rf8 72. Qb3+
Kh7 73. Ke6 Rf6+ 74. Ke7 Kh8 75. Qb8+ Kh7 76. Qc8 Kg6 77. Qh8 Rf7+ 78. Ke6 Rf6+
79. Kd5 Kf7 80. Kd4 Kg6 81. Ke3 Kf7 82. Kf3 Kg6 83. Qb8 Kh7 84. Qe8 Rh6 85. Qf7
Rf6 86. Qd7 Kh8 87. Kg3 Rg6+ 88. Kh4 Rf6 89. Kg5 Rf8 90. Qe6 Kh7 91. Qd5 Kh8 92.
Qe6 Kh7 93. Kh5 Kh8 94. Kg6 Rf6+ 95. Qxf6 gxf6 96. Kf7 Kh7 1/2-1/2

[Event "3rd Riga Tech Uni Op"]
[Site "Riga LAT"]
[Date "2013.08.08"]
[Round "5.10"]
[White "Boruchovsky, Avital"]
[Black "Yemelin, Vasily"]
[Result "1/2-1/2"]
[WhiteTitle "IM"]
[BlackTitle "GM"]
[WhiteElo "2441"]
[BlackElo "2564"]
[WhiteFideId "2800055"]
[BlackFideId "4113217"]
[EventDate "2013.08.05"]

1. e4 c5 2. c3 e6 3. d4 d5 4. exd5 exd5 5. Nf3 Nc6 6. Bb5 Bd6 7. dxc5 Bxc5 8.
O-O Ne7 9. Nbd2 O-O 10. Nb3 Bd6 11. Bd3 h6 12. h3 Nf5 13. Re1 Qf6 14. Bc2 Rd8
15. Qd3 g6 16. Bd2 Bf8 17. Qf1 Nd6 18. Nbd4 Nc4 19. Bc1 Nxd4 20. Nxd4 Bd7 21. b3
Nd6 22. Bb2 Re8 23. Rad1 Ne4 24. c4 Rac8 25. Ba1 Qb6 26. Re3 Nf6 1/2-1/2

[Event "3rd Riga Tech Uni Op"]
[Site "Riga LAT"]
[Date "2013.08.08"]
[Round "5.11"]
[White "Paravyan, David"]
[Black "Miezis, Normunds"]
[Result "1/2-1/2"]
[BlackTitle "GM"]
[WhiteElo "2426"]
[BlackElo "2557"]
[WhiteFideId "4194985"]
[BlackFideId "11600136"]
[EventDate "2013.08.05"]

1. e4 c5 2. Nf3 e6 3. d4 cxd4 4. Nxd4 a6 5. Bd3 Nc6 6. Nxc6 dxc6 7. O-O e5 8.
Nd2 Nf6 9. Nc4 Nd7 10. a4 Bc5 11. a5 O-O 12. Qe1 Qe7 13. Rb1 Rd8 14. b4 Bd4 15.
c3 Ba7 16. Be3 c5 17. b5 axb5 18. Rxb5 Qe6 19. Qe2 b6 20. axb6 Nxb6 21. Nxb6
Bxb6 22. Bxc5 Bxc5 23. Rxc5 Qe7 24. Qe3 Be6 25. Bc4 Bxc4 26. Rxc4 Rac8 27. Rxc8
Rxc8 28. Rc1 Rc4 29. Qd3 Qc7 30. h4 h5 31. g3 g6 32. Kg2 Kg7 33. Rc2 Kg8 34. Rc1
Kg7 35. Rc2 Kg8 1/2-1/2

[Event "3rd Riga Tech Uni Op"]
[Site "Riga LAT"]
[Date "2013.08.08"]
[Round "5.12"]
[White "Neiksans, Arturs"]
[Black "Laurusas, Tomas"]
[Result "1/2-1/2"]
[WhiteTitle "GM"]
[WhiteElo "2557"]
[BlackElo "2377"]
[WhiteFideId "11601388"]
[BlackFideId "12803731"]
[EventDate "2013.08.05"]

1. e4 c6 2. Nc3 d5 3. Nf3 Bg4 4. h3 Bxf3 5. Qxf3 e6 6. g3 Nd7 7. d4 Bb4 8. Bg2
dxe4 9. Qxe4 Ngf6 10. Qd3 O-O 11. O-O e5 12. d5 e4 13. Nxe4 Nxd5 14. Rd1 Nc5 15.
Nxc5 Bxc5 16. Bxd5 cxd5 17. Qxd5 Qb6 18. Qf5 Rae8 19. Qf3 Re6 20. Bf4 Qxb2 21.
Rab1 Qxa2 22. Rxb7 Qxc2 23. Rc1 Qf5 24. g4 Qe4 25. Qxe4 Rxe4 26. Rxc5 Rxf4 27.
Rxa7 1/2-1/2

[Event "3rd Riga Tech Uni Op"]
[Site "Riga LAT"]
[Date "2013.08.08"]
[Round "5.13"]
[White "Ponizil, Cyril"]
[Black "Ulibin, Mikhail"]
[Result "1-0"]
[WhiteTitle "IM"]
[BlackTitle "GM"]
[WhiteElo "2421"]
[BlackElo "2553"]
[WhiteFideId "322202"]
[BlackFideId "4101405"]
[EventDate "2013.08.05"]

1. e4 e6 2. d4 d5 3. Nd2 Nf6 4. e5 Nfd7 5. c3 c5 6. Bd3 Nc6 7. Ngf3 cxd4 8. cxd4
f6 9. exf6 Qxf6 10. O-O Bd6 11. Re1 O-O 12. Nf1 e5 13. Bg5 Qf7 14. dxe5 Ndxe5
15. Be2 d4 16. Bh4 Bb4 17. Nxe5 Nxe5 18. Nd2 Bf5 19. Bb5 Bxd2 20. Qxd2 Qd5 21.
Qe2 Bh3 22. f3 Rf5 23. Ba4 Bxg2 24. Bb3 Nxf3+ 25. Kxg2 Nd2+ 26. Bxd5+ 1-0

[Event "3rd Riga Tech Uni Op"]
[Site "Riga LAT"]
[Date "2013.08.08"]
[Round "5.14"]
[White "Lanka, Zigurds"]
[Black "Vysochin, Spartak"]
[Result "1/2-1/2"]
[WhiteTitle "GM"]
[BlackTitle "GM"]
[WhiteElo "2427"]
[BlackElo "2531"]
[WhiteFideId "11600047"]
[BlackFideId "14103516"]
[EventDate "2013.08.05"]

1. e4 c5 2. Nf3 Nc6 3. d4 cxd4 4. Nxd4 e5 5. Nb5 a6 6. Nd6+ Bxd6 7. Qxd6 Qe7 8.
Qd1 Nf6 9. Nc3 d6 10. Be3 O-O 11. Be2 b5 12. Qd2 Bb7 13. O-O Rac8 14. Rfd1 Nd4
15. Bxd4 exd4 16. Qxd4 Nxe4 17. Nxe4 Bxe4 18. Bd3 Bxd3 19. Qxd3 Rfe8 20. Rd2
Qe1+ 21. Rxe1 Rxe1+ 22. Qf1 Rxf1+ 23. Kxf1 Kf8 24. c3 Ke7 25. Ke2 Rc5 26. Rd4
Ke6 27. f4 h5 28. g3 g6 29. Ke3 Kd7 30. h3 Ke6 31. g4 hxg4 32. hxg4 Kd7 33. Kd3
Rc8 34. a4 1/2-1/2

[Event "3rd Riga Tech Uni Op"]
[Site "Riga LAT"]
[Date "2013.08.08"]
[Round "6.1"]
[White "Kovalenko, Igor"]
[Black "Kveinys, Aloyzas"]
[Result "1/2-1/2"]
[WhiteTitle "GM"]
[BlackTitle "GM"]
[WhiteElo "2646"]
[BlackElo "2491"]
[WhiteFideId "14117908"]
[BlackFideId "12800040"]
[EventDate "2013.08.05"]

1. d4 Nf6 2. c4 e6 3. Nf3 d5 4. g3 dxc4 5. Bg2 a6 6. O-O Nc6 7. Nbd2 Nxd4 8.
Nxc4 Nxf3+ 9. Bxf3 Qxd1 10. Rxd1 Be7 11. Na5 Nd5 12. e4 Bb4 13. Nc4 Nb6 14. Nxb6
cxb6 15. e5 Bc5 16. Bg5 f6 17. exf6 gxf6 18. Bh6 Ke7 19. Rac1 Rd8 20. Rxd8 Kxd8
21. Be4 Bd7 22. Bxb7 Ra7 23. Be4 f5 24. Bf3 a5 25. Bg5+ Ke8 26. Bf6 Kf7 27. Bc3
Bb5 28. Kg2 a4 29. a3 Rd7 30. Rd1 Rxd1 31. Bxd1 Bc6+ 32. Kf1 Kg6 33. Be2 Bd6 34.
f4 Bc5 35. Bc4 Kf7 36. Ke2 h5 37. Kf1 Be3 38. Be5 Bc5 39. Be2 Kg6 40. Bd1 Be3
41. Bd6 Bd4 42. b3 axb3 43. Bxb3 Bd5 44. Ba4 Bc4+ 45. Kg2 b5 46. Bd1 Bd5+ 47.
Kh3 Bf6 48. Be2 Bc6 49. Bd3 Bd8 50. Bc2 1/2-1/2

[Event "3rd Riga Tech Uni Op"]
[Site "Riga LAT"]
[Date "2013.08.08"]
[Round "6.3"]
[White "Van Kampen, Robin"]
[Black "Ponizil, Cyril"]
[Result "1-0"]
[WhiteTitle "GM"]
[BlackTitle "IM"]
[WhiteElo "2606"]
[BlackElo "2421"]
[WhiteFideId "1020854"]
[BlackFideId "322202"]
[EventDate "2013.08.05"]

1. e4 c5 2. Nf3 d6 3. d4 cxd4 4. Nxd4 Nf6 5. Nc3 Nc6 6. Bg5 e6 7. Qd2 a6 8.
O-O-O Bd7 9. f4 h6 10. Bh4 g5 11. fxg5 Ng4 12. Be2 Nge5 13. Nxc6 Bxc6 14. g3 Ng6
15. Kb1 h5 16. Rhf1 Be7 17. Rf2 Qc7 18. Rdf1 Ne5 19. Qd1 O-O-O 20. Bxh5 Be8 21.
g4 Ng6 22. Bg3 Bxg5 23. h4 Bh6 24. Bxg6 fxg6 25. Rf6 Bg7 26. Rxe6 Bxc3 27. bxc3
Bb5 28. Rf3 Bc4 29. Rxg6 Qa5 30. Qd4 Qxa2+ 31. Kc1 Be2 32. Rf4 Bb5 33. Rg7 Rhg8
34. Rh7 Ba4 35. Qd3 Qa1+ 36. Kd2 Qg1 37. Rff7 Qg2+ 38. Bf2 Bd7 39. Kc1 Qxg4 40.
Qc4+ Kb8 41. Rxd7 Rxd7 42. Rxd7 Rc8 43. Qf7 Qxe4 44. Qf6 Qh1+ 45. Kb2 Qc6 46.
Qxd6+ 1-0

[Event "3rd Riga Tech Uni Op"]
[Site "Riga LAT"]
[Date "2013.08.08"]
[Round "6.5"]
[White "Beinoras, Mindaugas"]
[Black "Baburin, Alexander"]
[Result "1/2-1/2"]
[WhiteTitle "IM"]
[BlackTitle "GM"]
[WhiteElo "2378"]
[BlackElo "2520"]
[WhiteFideId "12802085"]
[BlackFideId "2500914"]
[EventDate "2013.08.05"]

1. d4 d5 2. c4 e6 3. Nc3 Nf6 4. Nf3 Nbd7 5. Bf4 Bb4 6. cxd5 exd5 7. e3 c5 8.
dxc5 Qa5 9. Qd4 Bxc5 10. Qd3 Bb4 11. Nd2 O-O 12. Nb3 Nc5 13. Nxa5 Nxd3+ 14. Bxd3
Bxa5 15. Be5 1/2-1/2

[Event "3rd Riga Tech Uni Op"]
[Site "Riga LAT"]
[Date "2013.08.08"]
[Round "6.6"]
[White "Hera, Imre Jr."]
[Black "Lugovskoy, Maxim"]
[Result "1/2-1/2"]
[WhiteTitle "GM"]
[BlackTitle "FM"]
[WhiteElo "2567"]
[BlackElo "2372"]
[WhiteFideId "716855"]
[BlackFideId "24126454"]
[EventDate "2013.08.05"]

1. c4 e6 2. g3 d5 3. Bg2 Nf6 4. Nf3 Be7 5. O-O O-O 6. b3 c5 7. Bb2 Nc6 8. e3 d4
9. exd4 cxd4 10. Re1 Re8 11. a3 a5 12. d3 Bf8 13. Ne5 Nxe5 14. Rxe5 Rb8 15. Nd2
Bd6 16. Re2 e5 17. Qc2 b6 18. Rae1 Bb7 19. b4 axb4 20. axb4 Bxg2 21. Kxg2 Qc7
22. Qb3 Qc6+ 23. Kg1 b5 24. c5 Bc7 25. Ne4 Nd5 26. Nd6 Bxd6 27. cxd6 Nf6 28.
Rxe5 Rxe5 29. Rxe5 Qxd6 30. Rc5 Re8 31. Qd1 Qd7 32. Qf3 h5 33. Kg2 Re1 34. Bc1
Qe6 35. h3 Re5 36. Rc6 Qd5 37. Bf4 Re1 38. Qxd5 Nxd5 39. Bd6 Rd1 40. Bc5 Rxd3 1/2-1/2

[Event "3rd Riga Tech Uni Op"]
[Site "Riga LAT"]
[Date "2013.08.08"]
[Round "6.7"]
[White "Socko, Monika"]
[Black "Vovk, Yuri"]
[Result "0-1"]
[WhiteTitle "GM"]
[BlackTitle "GM"]
[WhiteElo "2431"]
[BlackElo "2608"]
[WhiteFideId "1106619"]
[BlackFideId "14113171"]
[EventDate "2013.08.05"]

1. d4 Nf6 2. c4 e6 3. Nc3 Bb4 4. Qc2 O-O 5. a3 Bxc3+ 6. Qxc3 b6 7. Bg5 Bb7 8. e3
h6 9. Bh4 c5 10. Nf3 cxd4 11. Nxd4 Nc6 12. Nxc6 Bxc6 13. Bd3 g5 14. Bg3 Bxg2 15.
Rg1 Ne4 16. Bxe4 Bxe4 17. Bd6 Re8 18. h4 f5 19. hxg5 hxg5 20. O-O-O Kf7 21. Rd4
e5 22. Rxe4 fxe4 23. Bxe5 Rc8 24. Rh1 d5 25. Rh7+ Kg6 26. Rg7+ Kh6 27. b3 dxc4
28. Rxa7 Rxe5 0-1

[Event "3rd Riga Tech Uni Op"]
[Site "Riga LAT"]
[Date "2013.08.08"]
[Round "6.8"]
[White "Dastan, Muhammed Batuhan"]
[Black "Kulaots, Kaido"]
[Result "1-0"]
[WhiteTitle "IM"]
[BlackTitle "GM"]
[WhiteElo "2417"]
[BlackElo "2581"]
[WhiteFideId "6300014"]
[BlackFideId "4500261"]
[EventDate "2013.08.05"]

1. e4 c5 2. Nf3 Nc6 3. d4 cxd4 4. Nxd4 Qb6 5. Nb3 Nf6 6. Nc3 e6 7. Qe2 Bb4 8.
Bd2 O-O 9. O-O-O d5 10. f3 a5 11. Be3 Qc7 12. Nb5 Qe7 13. a4 Bd7 14. Bg5 dxe4
15. c3 Ne5 16. Bxf6 gxf6 17. Qxe4 Bxb5 18. Bxb5 Bxc3 19. f4 f5 20. Qc2 Bb4 21.
fxe5 Rfc8 22. Bc4 Qc7 23. Kb1 b5 24. axb5 a4 25. Nc1 Bf8 26. Bd3 Qxe5 27. Qe2
Qf6 28. g4 a3 29. gxf5 Bg7 30. Rhg1 axb2 31. Rxg7+ Kxg7 32. Qxb2 e5 33. Re1 Re8
34. Be4 Rab8 35. Re3 Kh8 36. Rb3 Rec8 37. Nd3 Rc4 38. Rb4 Rxb4 39. Qxb4 Qb6 40.
Bc6 Qd8 41. Nxe5 Qd1+ 42. Ka2 Qc2+ 43. Ka3 Qc1+ 44. Qb2 Qc5+ 45. Ka2 Qa7+ 46.
Kb3 f6 47. Nd7 1-0

[Event "3rd Riga Tech Uni Op"]
[Site "Riga LAT"]
[Date "2013.08.08"]
[Round "6.9"]
[White "Vovk, Andrey"]
[Black "Lanka, Zigurds"]
[Result "1-0"]
[WhiteTitle "GM"]
[BlackTitle "GM"]
[WhiteElo "2581"]
[BlackElo "2427"]
[WhiteFideId "14114470"]
[BlackFideId "11600047"]
[EventDate "2013.08.05"]

1. e4 c5 2. Nf3 Nc6 3. d4 cxd4 4. Nxd4 Nf6 5. Nc3 d6 6. Bg5 e6 7. Qd2 a6 8.
O-O-O Bd7 9. f4 Qc7 10. Kb1 Be7 11. Nb3 O-O-O 12. Bh4 Kb8 13. Bf2 Bc8 14. Be2
Nd7 15. Bf3 g6 16. Rhe1 Nc5 17. Nd4 Rhe8 18. a3 Nxd4 19. Qxd4 b6 20. Qg7 f6 21.
f5 g5 22. Qh6 Bf8 23. Qh3 b5 24. Bg4 exf5 25. Bxf5 Bb7 26. Qxh7 Re7 27. Qg6 Rde8
28. Bg3 Rd8 29. Qxf6 Rf7 30. Qxg5 Bg7 31. Qxd8+ Qxd8 32. Rxd6 1-0

[Event "3rd Riga Tech Uni Op"]
[Site "Riga LAT"]
[Date "2013.08.08"]
[Round "6.10"]
[White "Baghdasaryan, Vahe"]
[Black "Gleizerov, Evgeny"]
[Result "0-1"]
[WhiteTitle "IM"]
[BlackTitle "GM"]
[WhiteElo "2414"]
[BlackElo "2567"]
[WhiteFideId "13303139"]
[BlackFideId "4101332"]
[EventDate "2013.08.05"]

1. e4 e6 2. d4 d5 3. Nc3 Nf6 4. Bg5 Be7 5. e5 Nfd7 6. h4 h6 7. Be3 c5 8. Qg4 g6
9. O-O-O Nc6 10. Nf3 cxd4 11. Bxd4 a6 12. Bd3 Nxd4 13. Qxd4 Nc5 14. h5 g5 15.
Nh2 b5 16. Ng4 Bb7 17. Kb1 Qc7 18. Rh3 Nd7 19. b4 Qb6 20. Bf1 Rc8 21. a3 Qxd4
22. Rxd4 Nxe5 23. Nxe5 Bf6 24. Re3 Rxc3 25. Rxc3 Bxe5 26. Rdd3 Bxc3 27. Rxc3 Kd7
28. a4 bxa4 29. Rc5 Rb8 30. c3 Rc8 31. Rxc8 Bxc8 32. Kb2 Kc6 33. Ka3 Kb6 34.
Kxa4 Bd7+ 35. Kb3 Bb5 36. c4 Bxc4+ 37. Bxc4 dxc4+ 38. Kxc4 f5 39. f3 Kc6 40. Kd4
Kd6 41. Kc4 e5 42. g3 Kc6 0-1